[Event "Ptuj (Women)"]
[Site "Ptuj"]
[Date "2003.12.01"]
[Round "3"]
[White "Krivec, Jana"]
[Black "Jovanovic, Violeta"]
[Result "1-0"]
[WhiteElo "2313"]
[BlackElo "2125"]
[PlyCount "83"]
[EventDate "2003.11.30"]
[EventType "tourn"]
[EventRounds "9"]
[EventCountry "SLO"]
[SourceTitle "EXT 2005"]
[Source "ChessBase"]
[SourceDate "2004.11.15"]
[SourceVersion "1"]
[SourceVersionDate "2004.11.15"]
[SourceQuality "1"]

1. e4 c5 2. Nf3 e6 3. d4 cxd4 4. Nxd4 Nc6 5. Nc3 d6 6. g3 a6 7. Bg2 Qc7 8. 0-0 Nf6 9. Re1 Rb8 10. Nxc6 bxc6 11. Na4 c5 12. c4 Be7 13. b3 0-0 14. Bb2 Nd7 15. f4 Bf6 16. Bxf6 Nxf6 17. Re3 Bb7 18. Nc3 Rfd8 19. Qe2 h6 20. Rd1 Bc6 21. Red3 Rd7 22. g4 Nh7 23. h4 Nf8 24. Qd2 Qd8 25. g5 hxg5 26. hxg5 Rbb7 27. Bf3 Ng6 28. Rxd6 e5 29. Bg4 Nxf4 30. Bxd7 Qxg5+ 31. Kf1 Qh4 32. Bg4 Qxg4 33. Rd8+ Kh7 34. Qh2+ Nh5 35. Kf2 Qg5 36. R8d6 Be8 37. Rg1 Qf4+ 38. Qxf4 exf4 39. Rxa6 f6 40. Rh1 Kg8 41. Ra8 Re7 42. Rxh5 1-0